| 000 -ლიდერი |
| ფიქსირებული სიგრძის საკონტროლო ველი |
01721nam a2200325Ia 4500 |
| 001 - საკონტროლო ნომერი |
| საკონტროლო ველი |
22206 |
| 003 - საკონტროლო ნომრის იდენტიფიკატორი |
| საკონტროლო ველი |
GE_BSU |
| 005 - ბოლო ოპერაციის თარიღი და დრო |
| საკონტროლო ველი |
20221214162632.0 |
| 008 - ფიქსირებული სიგრძის მონაცემთა ელემენტები - ზოგადი ინფორმაცია |
| ფიქსირებული სიგრძის საკონტროლო ველი |
181216s2010||||ge |||||||||||||| ||geo|| |
| 020 ## - წიგნის საერთაშორისო სტანდარტული ნომერი |
| International Standard Book Number |
9789941027413 |
| 040 ## - კატალოგიზაციის წყარო |
| Transcribing agency |
GE_BSU |
| 041 ## - ენის კოდი |
| Language code of text/sound track or separate title |
geo |
| 080 ## - უნივერსალური ათობითი კლასიფიკაციის ინდექსი |
| Universal Decimal Classification number |
368(075.8) გ-47 |
| 100 ## - მთავარი ჩანაწერი - პიროვნების სახელი |
| Personal name |
გიგოლაშვილი, გიორგი |
| 9 (RLIN) |
16416 |
| 245 ## - ცნობა სათაურის შესახებ |
| Title |
სადაზღვევო საქმე : |
| Remainder of title |
სახელმძღვ. / |
| Statement of responsibility, etc |
გიორგი გიგოლაშვილი ; რედ. ლევან კალანდაძე. |
| 264 ## - წარმოების, გამოცემის, დისტრიბუციის და სხვა ცნობები |
| გამოცემის, წარმოების, დისტრიბუციის... ადგილი |
თბილისი : |
| გამოცემის, წარმოების, დისტრიბუციის... სახელწოდება |
კომერსანტი, |
| გამოცემის, წარმოების, დისტრიბუციის... თარიღი |
2010. |
| 300 ## - ფიზიკური აღწერა |
| Extent |
261 გვ. ; |
| Other physical details |
ცხრ. ; |
| Dimensions |
23 სმ. |
| 500 ## - ზოგადი შენიშვნა |
| General note |
გამოცემის ინიციატორია არდი ჯგუფი - სადაზღვევო კომპანია |
| 653 ## - INDEX TERM--UNCONTROLLED |
| Uncontrolled term |
დაზღვევა |
| 653 ## - INDEX TERM--UNCONTROLLED |
| Uncontrolled term |
დაზღვევის ფუნდამენტური ცნებები და პრინციპები |
| 653 ## - INDEX TERM--UNCONTROLLED |
| Uncontrolled term |
რისკი, ზარალი და დაზღვევა |
| 653 ## - INDEX TERM--UNCONTROLLED |
| Uncontrolled term |
სადაზღვევო პროდუქტი და სადაზღვევო დოკუმენტაცია |
| 653 ## - INDEX TERM--UNCONTROLLED |
| Uncontrolled term |
სადაზღვევო პროცესი |
| 653 ## - INDEX TERM--UNCONTROLLED |
| Uncontrolled term |
ანდერაიტინგი და გადაზღვევა |
| 653 ## - INDEX TERM--UNCONTROLLED |
| Uncontrolled term |
ზარალების მართვა |
| 653 ## - INDEX TERM--UNCONTROLLED |
| Uncontrolled term |
სადაზღვევო საქმე |
| 700 ## - ADDED ENTRY--PERSONAL NAME |
| Personal name |
კალანდაძე, ლევან |
| Relator term |
რედაქტორი |
| 9 (RLIN) |
16417 |
| 942 ## - ADDED ENTRY ELEMENTS (KOHA) |
| Koha item type |
წიგნი |
| Source of classification or shelving scheme |
|